Name character: Horror [pic] - Statistics

General Stats
  • This quiz has been taken 47 times
  • The average score is 10 of 16
Answer Stats
Picture Answer % Correct
Chucky
95%
Freddy Krueger
93%
Godzilla / Gojira
93%
Pennywise the Dancing Clown
93%
Michael Myers
90%
Jason Voorhees
88%
Xenomorph
88%
Ghostface
83%
Pinhead
74%
The Predator
74%
Leatherface
67%
Billy
45%
Ash / Ashley J. Williams
31%
Sadako Yamamura
12%
Imhotep
10%
Daimajin
2%
No matching quizzes found
Score Distribution
Percent of People with Each Score
Percentile by Number Answered
Your Score History
You have not taken this quiz